000 00361nam a2200133Ia 4500
005 20260328101450.0
008 260328s9999||||xx |||||||||||||| ||und||
100 _aAparicio Basurto, Carlos M
245 0 _aFundamentos de Matemáticas para Arquitectos /
_cCarlos M Aparicio Basurto
260 _bDiana
300 _a149 p.
650 _aMATEMÁTICAS
942 _cBK
999 _c8634
_d8634